| 000 | 00389nam a2200145Ia 4500 | ||
|---|---|---|---|
| 008 | 210210b1981 xxu||||| |||| 00| 0 eng d | ||
| 082 | _a428 REGA | ||
| 100 | _aREGO (Aloysius G). | ||
| 245 | _aAids to english composition. (Proverbs) Part 3. | ||
| 260 |
_aAllahabad. _bBetter yourself books _c1981 |
||
| 300 | _a95 | ||
| 650 | _aProverbs | ||
| 690 | _aEnglish Usage | ||
| 906 | _aSG02342 | ||
| 999 |
_c113239 _d113239 |
||